[Event "Rhein Main op-A 20th"]
[Site "Bad Homburg"]
[Date "2017.06.16"]
[Round "4"]
[White "Elliger, Christian"]
[Black "Nagel, Bernhard"]
[Result "0-1"]
[WhiteElo "2107"]
[BlackElo "2217"]
[PlyCount "58"]
[EventDate "2017.06.14"]
[EventType "swiss"]
[EventRounds "7"]
[EventCountry "GER"]
[SourceTitle "EXT 2018"]
[Source "ChessBase"]
[SourceDate "2017.10.13"]
[SourceVersion "1"]
[SourceVersionDate "2017.10.13"]
[SourceQuality "1"]

1. d4 d5 2. Nf3 Nf6 3. e3 c6 4. Bd3 Bg4 5. h3 Bh5 6. Nbd2 e6 7. 0-0 Nbd7 8. Re1 Bd6 9. b3 0-0 10. Bb2 e5 11. e4 dxe4 12. Nxe4 Nxe4 13. Bxe4 f5 14. Bxf5 Rxf5 15. g4 Rxf3 16. Qxf3 e4 17. Qxe4 Bf7 18. c4 Qh4 19. Re3 Nf8 20. f4 h5 21. Rf1 Re8 22. Qf3 hxg4 23. Qf2 Qxf2+ 24. Kxf2 Rxe3 25. Kxe3 gxh3 26. Rf3 Be6 27. d5 cxd5 28. cxd5 h2 29. Rg3 g6 0-1